000 00635nas a2200229 4500
001 BR5400231
003 BR-BrBNA
005 20231205081942.0
007 ta
008 230509b bl.|||p| |||| 00| 00por d
040 _aBR-BrBNA
_bpor
_cBiblioteca Nacional de Agricultura
041 _a(Pt)
072 _aQ10
100 1 _aBarreto, N.M.
245 1 _aProducao domestica e semi-industrial da cerveja
650 _aTECNOLOGIA DE ALIMENTO
650 _aCERVEJA
650 _aMALTE
773 0 _tIntercambio (Brazil)
_x
_g(Oct 1954), v. 2(10) p. 41-44
_wBR5400231
909 _a202311
_bLúcia
_c55
_dLúcia Elande
942 _2AGRIS
_n0
_cANA
999 _c88082
_d88082